Culture Générale - Série 2502 - Statistiques

Statistiques générales
  • Ce quiz a été pris 106 fois
  • Le résultat moyen est 3 sur 10
Statistiques - réponses
Question Réponse % Correct
Quel animal est aussi appelé "dragon de Komodo" ? voir photo varan
80%
Dans un triangle rectangle, comment appelle-t-on le côté opposé à l'angle droit ? hypoténuse
66%
Dans quel état des Etats Unis se trouve le pays cajun ? Louisiane
63%
Quelle rivière traverse Munich ? Isar
26%
Type de carrefour formé par deux tronçons de route qui rejoignent un tronc commun. Celle d'Herblay est bien connue patte d'oie
18%
Petit canapé où deux personnes peuvent prendre place pour bavarder causeuse
13%
Quel légume est aussi surnommé «chou de Siam» ? rutabaga
3%
Quelle plante vivace est appelée "vendangeuse" ? aster
2%
Terme employé dans le domaine de la géologie pour désigner la troisième période de glaciation alpine à l'époque quaternaire riss
0%
Quel terme d'origine ch'ti désigne une loterie à laquelle on assiste dans une fête foraine - 9 lettres commençant par " t " tirlibibi
0%
Aucun quiz correspondant
Distribution des résultats
% des personnes avec chaque résultat
Percentile par nombre de réponses
Votre historique - résultats
Vous n’avez pas pris ce quiz